Maikhana; Part-1: (Record no. 44768)

MARC details
000 -LEADER
fixed length control field 01248njm a22003017a 4500
005 - DATE AND TIME OF LATEST TRANSACTION
control field 2010090907487.0
007 - PHYSICAL DESCRIPTION FIXED FIELD--GENERAL INFORMATION
fixed length control field sd ammalaaahaa
008 - FIXED-LENGTH DATA ELEMENTS--GENERAL INFORMATION
fixed length control field 100904t xxu||||| |||| 00| 0 hin d
028 ## - PUBLISHER NUMBER
Publisher number GE. 31202
Source Columbia
028 ## - PUBLISHER NUMBER
Publisher number CKP. 232
Source Columbia
028 ## - PUBLISHER NUMBER
Publisher number CKP. 233
Source Columbia
035 ## - SYSTEM CONTROL NUMBER
System control number GR-01525
040 ## - CATALOGING SOURCE
Original cataloging agency SED/VEN
100 ## - MAIN ENTRY--PERSONAL NAME
Personal name Nahid
9 (RLIN) 1184
245 ## - TITLE STATEMENT
Title Maikhana; Part-1:
Remainder of title Hindustani /
Statement of responsibility, etc by Nahid; Music Dtn.by Naushad; Lyric by Nakhshab
Medium [Sound Recording] :
246 ## - VARYING FORM OF TITLE
Title proper/short title मैखाना (नाहिद)
260 ## - PUBLICATION, DISTRIBUTION, ETC. (IMPRINT)
Place of publication, distribution, etc Dum Dum, India :
Name of publisher, distributor, etc Columbia
300 ## - PHYSICAL DESCRIPTION
Extent 1 sound disc [Gramophone Recording] :
Other physical details analog, 33 1/3 rpm ;
Dimensions 10 in.
Type of unit Gramophone Records
500 ## - GENERAL NOTE
General note Brief Records
505 ## - FORMATTED CONTENTS NOTE
Formatted contents note Song Side-1;एक अपना एक बेगाना (मैखाना) (नाहिद), Song Side-2; छोड़ न देना साथ (नसीम बेगम) Part 2
650 ## - SUBJECT ADDED ENTRY--TOPICAL TERM
Topical term or geographic name as entry element Classical Music
General subdivision Excerpts
Geographic subdivision India
9 (RLIN) 18309
700 ## - ADDED ENTRY--PERSONAL NAME
9 (RLIN) 18319
Personal name Naseem Begum
700 ## - ADDED ENTRY--PERSONAL NAME
9 (RLIN) 18320
700 ## - ADDED ENTRY--PERSONAL NAME
9 (RLIN) 19056
942 ## - ADDED ENTRY ELEMENTS (KOHA)
Source of classification or shelving scheme Dewey Decimal Classification
Item type Gramaphone Records
Holdings
Withdrawn status Lost status Source of classification or shelving scheme Damaged status Not for loan Collection code Home library Current library Shelving location Date acquired Source of acquisition Total Checkouts Barcode Date last seen Copy number Price effective from Koha item type
    Dewey Decimal Classification   Not For Loan Non-fiction Central Library Central Library Audio Visual 09/09/2010 SED/VEN   GR-01524 09/09/2010 1 09/09/2010 Gramaphone Records
    Dewey Decimal Classification   Not For Loan Non-fiction Central Library Central Library Audio Visual 09/09/2010 SED/VEN   GR-01525 09/09/2010 1 09/09/2010 Gramaphone Records

© Delhi Public Library
Hit Counter
free hit counter